Auction sales (Record no. 118315)

MARC details
000 -LEADER
fixed length control field 01144cam a2200217 4500
001 - CONTROL NUMBER
control field WB@3612-7
008 - FIXED-LENGTH DATA ELEMENTS--GENERAL INFORMATION
fixed length control field 041117n2004 000 0 eng u
035 ## - SYSTEM CONTROL NUMBER
System control number (Sirsi) u128006
245 ## - TITLE STATEMENT
Title Auction sales
260 ## - PUBLICATION, DISTRIBUTION, ETC.
Date of publication, distribution, etc. 2004
490 ## - SERIES STATEMENT
Series statement Property Week
Volume/sequential designation (69)46 12 November 2004, 23(1)
520 ## - SUMMARY, ETC.
Summary, etc. The latest data from the Jones Lang LaSalle/Investment Property Auction Results Analysis Service (ARAS) shows that auction sales totals rose by more than a fifth in the previous quarter as property-hungry investors spent £271m in the auction room. More than £173m was spent on retail property, and £29m on office property in the last three months. More auction-goers were venturing into unfamiliar property such as offices and pubs (over £40m was invested in pubs and restaurants), where demand from occupiers is driving down yields. The ARAS all-property yield fell 14 basis points in the last three months, from 6.90% to 6.76%.
590 ## - LOCAL NOTE (RLIN)
Local note WB
590 ## - LOCAL NOTE (RLIN)
Local note WB
650 ## - SUBJECT ADDED ENTRY--TOPICAL TERM
Topical term or geographic name entry element PROPERTY AUCTIONS
650 ## - SUBJECT ADDED ENTRY--TOPICAL TERM
Topical term or geographic name entry element AUCTION SALES
650 ## - SUBJECT ADDED ENTRY--TOPICAL TERM
Topical term or geographic name entry element INVESTMENT
650 ## - SUBJECT ADDED ENTRY--TOPICAL TERM
Topical term or geographic name entry element PROPERTY-COMMERCIAL PROPERTY
690 ## - LOCAL SUBJECT ADDED ENTRY--TOPICAL TERM (OCLC, RLIN)
Topical term or geographic name as entry element AUCTIONS
942 ## - ADDED ENTRY ELEMENTS (KOHA)
Suppress in OPAC 0
Holdings
Withdrawn status Lost status Source of classification or shelving scheme Damaged status Not for loan Home library Current library Shelving location Date acquired Total Checkouts Full call number Barcode Date last seen Copy number Price effective from Koha item type
    Dewey Decimal Classification     London London News article 17/11/2004   WB4044-01 128006-1001 06/08/2019 1 06/08/2019 News article